AH International Schools' Libraries

Dreamtreaders / (Record no. 48136)

MARC details
000 -LEADER
fixed length control field 00690cam a2200181 i 4500
001 - CONTROL NUMBER
control field 17981339
005 - DATE AND TIME OF LATEST TRANSACTION
control field 20260203125535.0
020 ## - INTERNATIONAL STANDARD BOOK NUMBER
International Standard Book Number 9781400323661 (softcover)
100 1# - MAIN ENTRY--PERSONAL NAME
Personal name Batson, Wayne Thomas,
Dates associated with a name 1968-
245 10 - TITLE STATEMENT
Title Dreamtreaders /
Statement of responsibility, etc Wayne Thomas Batson.
260 ## - PUBLICATION, DISTRIBUTION, ETC. (IMPRINT)
Place of publication, distribution, etc Nashville:
Name of publisher, distributor, etc Thomas Nelson;
Date of publication, distribution, etc 2014.
300 ## - PHYSICAL DESCRIPTION
Extent 289 pages ;
Dimensions 21 cm
490 ## - SERIES STATEMENT
Series statement Dreamtraders; Bk1.
520 ## - SUMMARY, ETC.
Summary, etc After discovering that he is a Dreamtreader, one who can enter and explore his own dreams, fourteen-year-old Archer must protect the waking world from the Nightmare Lord, who wreaks chaos in the Dream World.
650 #1 - SUBJECT ADDED ENTRY--TOPICAL TERM
Topical term or geographic name as entry element Dreams.
Form subdivision Fiction.
9 (RLIN) 55840
655 ## - INDEX TERM--GENRE/FORM
Genre/form data or focus term Fantasy.
9 (RLIN) 56253
942 ## - ADDED ENTRY ELEMENTS (KOHA)
Source of classification or shelving scheme
Koha item type J FIC BOOKS
Holdings
Withdrawn status Lost status Source of classification or shelving scheme Damaged status Not for loan Collection code Home library Current library Shelving location Date acquired Full call number Barcode Date last seen Price effective from Koha item type
          SECONDARY Asian Hope Secondary Library Asian Hope Secondary Library Junior Fiction 01/09/2025 J FIC BAT BK.1 207402 01/16/2026 01/09/2025 J FIC BOOKS

For any Logos Library related questions please contact Miss Art at swongnarasuk@asianhope.org.

For any Asian Hope Library related questions please contact Miss Raza at graza@asianhope.org.

Click here to explore our ebooks!

Powered by Koha